[Event "U20 Pan-American Chess Championship"]
[Site "Volta Redonda - Rio de Janeir"]
[Date "2023.11.06"]
[Round "2.13"]
[White "Seccafim, Caic Dos Santos"]
[Black "Da Fonseca Pinto, Joao Gabriel Alves"]
[Result "0-1"]
[WhiteElo "2062"]
[BlackElo "1762"]
[PlyCount "140"]
[EventDate "2023.11.06"]
[EventCountry "BRA"]

1. e4 e5 2. Nc3 Nf6 3. g3 d5 4. exd5 Nxd5 5. Bg2 Nxc3 6. bxc3 Bd6 7. Nf3 O-O 8.
O-O Nc6 9. Rb1 Rb8 10. d4 exd4 11. cxd4 Bg4 12. Qd3 h6 13. Bb2 Re8 14. c4 Qd7
15. Qc3 Bb4 16. Qb3 Bf8 17. d5 Na5 18. Qc3 Qa4 19. Rbc1 b6 20. Ne5 Bh5 21. Be4
f6 22. Qd3 fxe5 23. f4 Bc5+ 24. Kh1 Bd4 25. Bxd4 exd4 26. Qxd4 Qd7 27. Bc2 Be2
28. Rf2 Bxc4 29. Rd1 Rbd8 30. Qc3 Bxd5+ 31. Kg1 Qc6 32. Qb2 Nc4 33. Qb1 Kh8 34.
Bg6 Re6 35. Bf5 Red6 36. Re1 Bf3 37. Qb4 Rd1 38. Bc2 Rxe1+ 39. Qxe1 Re8 40. Qc3
b5 41. Qxf3 Re1+ 42. Kg2 Ne3+ 43. Kh3 Qxf3 44. Rxf3 Nxc2 45. Rc3 Re2 46. Rxc7
a5 47. Kg4 Kg8 48. Rc5 Nd4 49. Rd5 Rxa2 50. Rxd4 b4 51. Kf5 Rc2 52. Rd8+ Kf7
53. Rd7+ Kf8 54. Ra7 Rc5+ 55. Kg6 Rb5 56. Ra8+ Ke7 57. Ra7+ Kd6 58. Ra8 b3 59.
f5 b2 60. Rd8+ Ke7 61. Rd1 b1=Q 62. Rxb1 Rxb1 63. Kxg7 Rb6 64. g4 a4 65. h4 a3
66. g5 hxg5 67. hxg5 a2 68. f6+ Kd6 69. f7 a1=Q+ 70. Kh7 Rb8 0-1

[Event "U20 Pan-American Chess Championship"]
[Site "Volta Redonda - Rio de Janeir"]
[Date "2023.11.06"]
[Round "2.14"]
[White "Munoz Ramos, Christopher"]
[Black "Reyes Zavaleta, Sergio Gabriel"]
[Result "1-0"]
[WhiteElo "2038"]
[BlackElo "1287"]
[PlyCount "89"]
[EventDate "2023.11.06"]
[EventCountry "BRA"]

1. d4 d5 2. c4 c6 3. Nf3 Nf6 4. Nc3 e6 5. e3 dxc4 6. Bxc4 b5 7. Bd3 a5 8. O-O
Bb7 9. Qc2 Nbd7 10. e4 Be7 11. e5 Nd5 12. Nxd5 exd5 13. Bxh7 Nf8 14. Bf5 g6 15.
Bg4 Ra6 16. Bf4 Bc8 17. Bxc8 Qxc8 18. Qd3 Qg4 19. Bg3 Ne6 20. a4 Rb6 21. axb5
Rxb5 22. Rfc1 O-O 23. h3 Qe4 24. Qc3 Rc8 25. Re1 Bb4 26. Rxe4 Bxc3 27. Rg4 Bxb2
28. Ra2 Bc3 29. Bh4 Rb4 30. Bf6 Nxd4 31. Nxd4 Rxd4 32. f4 Kf8 33. Rh4 Ke8 34.
Rh8+ Kd7 35. e6+ Kxe6 36. Rxc8 Rd1+ 37. Kh2 Bxf6 38. Rxc6+ Ke7 39. Re2+ Kf8 40.
Rxf6 Rd4 41. Ra6 Kg7 42. Rd6 a4 43. Ra2 Kf8 44. f5 Ke7 45. fxg6 1-0

[Event "U20 Pan-American Chess Championship"]
[Site "Volta Redonda - Rio de Janeir"]
[Date "2023.11.06"]
[Round "2.15"]
[White "Nascimento, Luiz Eduardo Da Tri"]
[Black "Andriska, Matheus Jose Amante"]
[Result "1-0"]
[WhiteElo "1877"]
[BlackElo "1261"]
[PlyCount "101"]
[EventDate "2023.11.06"]
[EventCountry "BRA"]

1. e4 e5 2. Nf3 Nc6 3. Bb5 Nf6 4. d3 Be7 5. O-O O-O 6. Bxc6 dxc6 7. Nxe5 h6 8.
Be3 Bd7 9. c4 Re8 10. Qb3 b6 11. Nc3 c5 12. Rad1 Bf8 13. Nxd7 Qxd7 14. h3 Rad8
15. d4 Nxe4 16. Nxe4 Rxe4 17. dxc5 Qc8 18. Rxd8 Qxd8 19. cxb6 cxb6 20. Rd1 Qf6
21. Qd3 Re8 22. Bd4 Qd6 23. Be3 Qf6 24. Qd4 Qc6 25. Qd7 Qxd7 26. Rxd7 Re7 27.
Rd8 Rc7 28. Bf4 Re7 29. Bd6 Re1+ 30. Kh2 Rd1 31. Rxf8+ Kh7 32. Ba3 Rd2 33. Rxf7
Rd4 34. Rxa7 Rxc4 35. Bf8 Rf4 36. Bxg7 Rc4 37. Bd4+ Kg6 38. Bxb6 Rb4 39. Ra6
Kf7 40. b3 Re4 41. Be3 h5 42. Rh6 Re5 43. g4 hxg4 44. hxg4 Ra5 45. a4 Re5 46.
Rh7+ Kg6 47. Rg7+ Kxg7 48. Bd4 Kg6 49. Bxe5 Kg5 50. Kg3 Kg6 51. f4 1-0